[Event "5th Cesme Open 2017"]
[Site "Cesme"]
[Date "2017.06.18"]
[Round "9.13"]
[White "Khamrakulov, Djurabek"]
[Black "Uzunoglu, Efe Kerem"]
[Result "1-0"]
[WhiteElo "2478"]
[BlackElo "2060"]
[Annotator "TA"]
[PlyCount "63"]
[EventType "swiss"]
[EventCountry "TUR"]
[SourceTitle "playchess.com"]
[Source "ChessBase"]
[SourceQuality "1"]

{[%evp 22,63,0,-2,0,0,12,18,45,59,52,32,68,56,65,50,133,118,141,126,201,199,197,175,253,241,237,205,293,308,326,319,331,321,491,521,500,487,959,829,817,817,771,764]} 1. e4 c5 2. c3 Nf6 3. e5 Nd5 4. d4 cxd4 5. cxd4 e6 6. Nf3 d6 7. a3 Bd7 8. Bd3 Bc6 9. O-O Nd7 10. b4 a6 11. Re1 Be7 {B22: Sicilian: 2 c3} 12. Nbd2 {LiveBook: 52 Games} Qc7 (12... Nc3 13. Qb3 Nb5 14. Bxb5 axb5 15. exd6 Bf6 16. Ne5 O-O 17. Nxc6 bxc6 18. Ne4 Bxd4 19. Bg5 {0-1 (48) Tiviakov,S (2674)-Kovalyov,A (2557) Montreal 2009}) 13. Bb2 Nf4 {The position is equal.} 14. Bf1 dxe5 15. dxe5 O-O 16. Rc1 $146 (16. g3 $5 {[%cal Rg3f4]} Ng6 17. Rc1 $14) ({Predecessor:} 16. Nd4) 16... Rfd8 17. g3 Ng6 18. h4 {[%cal Bh2h4,Bh4h5][%mdl 32]} Rac8 (18... h6 $14) 19. h5 $16 Ngf8 20. Nd4 Nb8 (20... Bg5 $16) 21. Qg4 $18 Qd7 22. Nc4 Rc7 (22... Bd5 $142 23. Nb6 Rxc1 24. Rxc1 (24. Nxd7 Rxe1 25. Nf6+ Kh8 $14) 24... Qe8) 23. Nb6 Qe8 {[#]} 24. b5 $1 $40 {[%mdl 640] White goes for the king.} axb5 {[#]} (24... Rxd4 $142 25. Qxd4 (25. Bxd4 axb5 26. Bxb5 Bxa3 $18) 25... axb5 26. Bxb5 Nfd7) 25. Nxb5 $1 {[%mdl 512]} Bxb5 26. Rxc7 Bxf1 27. Rxf1 Qb5 (27... Nfd7 $142) 28. Rxe7 {White is clearly winning.} Nc6 29. Rxb7 ({Weaker is} 29. h6 Ng6 $18) 29... Qa6 (29... Qxb2 $142 30. Qe4 Nd4) 30. Rxf7 Kxf7 31. Qf3+ Kg8 32. Qxc6 {Precision: White = 82%, Black = 19%.} 1-0

[Event "5th Cesme Open 2017"]
[Site "Cesme"]
[Date "2017.06.18"]
[Round "9.14"]
[White "Bashirli, Nail"]
[Black "Yildiz, Emre"]
[Result "1/2-1/2"]
[WhiteElo "2345"]
[BlackElo "1998"]
[Annotator "NA"]
[PlyCount "114"]
[EventType "swiss"]
[EventCountry "TUR"]
[SourceTitle "playchess.com"]
[Source "ChessBase"]
[SourceQuality "1"]
[TimeControl "5400+30"]

{[%evp 22,112,3,-47,-54,-54,-49,-60,-31,-35,-61,-49,234,-8,88,31,44,47,29,25,33,44,28,23,30,41,50,25,38,25,37,16,22,6,8,0,53,-172,-173,-170,-175,-175,-122,-147,69,52,76,42,71,-189,-85,-92,32767,-199,-191,-236,32767,32767,32767,32767,32767,32767,32767,32767,32767,32767,32767,32767,32767,32767,32767,32767,32767,32767,32767,32767,32767,32767,32767,32767,32767,32767,32767,32767,32767,32767,32767,32767,0,32767,32767,0,0]} 1. e4 c5 2. Nf3 d6 3. d4 cxd4 4. Nxd4 Nf6 5. Nc3 a6 6. Bc4 e6 7. Bb3 Nbd7 {[%emt 0:02:00]} 8. Bg5 {[%emt 0:08:00]} Nc5 {[%emt 0:00:30]} 9. O-O {[%emt 0:00:30]} Be7 {[%emt 0:00:30] B86: Sicilian Scheveningen/Najdorf: 6 Bc4, without early ...b5} 10. Re1 {[%emt 0:00:30]} O-O {[%emt 0:00:30]} (10... h6 11. Bh4 Nxb3 12. axb3 g5 13. Bg3 e5 14. Nf5 Nxe4 15. Nxd6+ Qxd6 16. Nxe4 Qxd1 17. Rexd1 {½-½ (43) Grandelius,N (2635)-Vachier Lagrave,M (2785) Gibraltar 2016}) 11. f4 {[%emt 0:10:30] 3.][%clk} Qb6 {[%emt 1:34:28] 3.][%lk} 12. Kh1 $146 {[%emt 0:03:30] 3.][%%lk} ({Predecessor:} 12. e5 dxe5 13. fxe5 Nxb3 14. axb3 Rd8 15. Ra4 Bc5 16. Be3 Nd5 17. Bf2 {0-1 (35) Fell,S (2117)-Hungaski,R (2399) Argentina 2007}) 12... h6 $1 {[%emt 0:00:00] 3.][%%lk} 13. Bxf6 $1 {[%emt 0:00:30] 3.][%ll} Bxf6 {[%emt 0:00:00] 3.[[[%l} 14. e5 {[%emt 0:00:30] 3..[[%l} dxe5 {[%emt 0:00:00] 3..[%%} 15. fxe5 {[%emt 0:00:30] 3..[[%} Bh4 {[%emt 0:00:00] 3...[%} 16. Rf1 $1 {[%emt 0:00:30] 33..%%} Rd8 $2 {[%emt 0:00:00] 33...% [#]} (16... Qc7 $15 {keeps the upper hand.}) 17. Qg4 $2 {[%emt 0:00:30] 33...%} ({White must play} 17. Qh5 $1 $18 Rxd4 18. Rxf7) 17... Bf2 {[%emt 0:00:00] 333..%} (17... Bg5 $11 {keeps the balance.}) 18. Rxf2 {[%emt 0:01:30] 333...} Nxb3 {[%emt 0:00:00] 333... [#]} 19. axb3 $2 {[%emt 0:00:00] 333...} (19. Rxf7 $1 $18 Kxf7 20. Nxb3) 19... Qxd4 {[%emt 0:00:00] ]33...} 20. Qf3 {[%emt 0:06:00] ]333..} Qxe5 {[%emt 0:00:00] ]]33..} 21. Qxf7+ {[%emt 0:00:30] ]]33..} Kh7 {[%emt 0:00:00] ]]]3..} 22. Re2 {[%emt 0:00:30] ]]]3.} Qd4 {[%emt 0:00:00] ]]]].} (22... Qf6 $5 {[%cal Rf6f7]} 23. Qc7 b5 $14) 23. h3 {[%emt 0:01:30] ]]]].} b5 {[%emt 0:00:00] ]]]]} 24. Qf3 {[%emt 0:03:30] [%clk 1:12]31]9} Ra7 {[%emt 0:00:00] %%%lk} 25. Rd1 {[%emt 0:01:30] [%clk 0:31] ]]9} Qb6 {[%emt 0:00:00] [%clk 0:32]31] [%clk 0:00:50] [%l} 26. Rde1 {[%emt 0:00:30] %[clk [%clk 0:31:0] kk} Rc7 {[%emt 0:00:00] %[clk [%clk 0:00:50] 000} 27. Ne4 {[%emt 0:02:30] %[cl [%clk 0:31:0] 550} Bb7 {[%emt 0:00:00] [%clk 0:00.50] ]55} 28. Qg4 {[%emt 0:02:30] [%clk 0:31] 00]} b4 {[%emt 0:00:00] k [%clk 0:20:0] 8]c [%clk 0:00:50] ::3} 29. Ng5+ $2 {[%emt 0:03:30] ]] [%clk 0:31:0] ]]8} (29. Qh4 $14 {stays ahead.} Re8 30. Ng5+ Kg8 31. Nxe6) 29... hxg5 {[%emt 0:00:00] ]] [%clk 0:00:50] ]]c} 30. Rxe6 {[%emt 0:00:30] ] [%clk 1:03:0] 0]8 [%clk 0:31:0] 0.5 [#]} Bc6 $1 {[%emt 0:00:00] cll [%clk 0:00:50]cl} 31. Qxg5 {[%emt 0:01:30] 33 [%clk 0:31:0] :.. [#]} Qf2 {[%emt 0:00:00] cc [%clk 0:00:50]]c} (31... Rf8 $1 $19 32. Kh2 Kg8) 32. R1e2 {[%emt 0:08:30] 22 [%clk 0:31:0] 055 [#]} Rd1+ $2 {[%emt 0:08:10] ccc [%clk 0:00:50]} (32... Qf8 $1 $17 33. Kh2 (33. Qg3 Rcc8 $17) 33... Rdc8) 33. Kh2 {[%emt 0:00:30] 2]c [%clk 0:31:0] 05.} Qf7 {[%emt 0:00:44] c [%clk 0:00:50] ]} ({Wrong is} 33... Qg1+ $2 34. Kg3 $18) 34. Qh4+ $1 {[%emt 0:12:30] ]] [%clk 0:31:0] 055} Kg8 {[%emt 0:00:30] c [%clk 0:04:02] [%clk 0:00.50]]} 35. R6e3 $2 {[%emt 0:03:30] 3 [%clk 0:31] 044} (35. Qc4 $1 $14 {was forced to keep a grip.}) 35... Bb5 {[%emt 0:02:28] [%clk 0:00.50] 2[} (35... Rb7 $19 {is more deadly.} 36. Re5 Qc7) 36. Rf2 {[%emt 0:02:30] 0 [%clk 0:31:0] 55]} Qg6 {[%emt 0:00:13] [%clk 0:01.57] 2 [%clk 0:00:50]]]} 37. Rg3 {[%emt 0:02:30] ] [%clk 0:31:0] 75} (37. Qxb4 $17 Rf7 38. Ref3 Rxf3 39. Rxf3) 37... Qd6 {[%emt 0:00:40] c [%clk 0:00:50] [%c} 38. Rf4 {[%emt 0:05:30] ]7} Qc5 {[%emt 0:01:27] [c[} ({Not} 38... Rxc2 {[#]} 39. Rxg7+ $3 {[%mdl 512]} Kxg7 40. Qg5+ Kh7 41. Qh5+ Kg8 42. Qg5+ Kh8 43. Qh5+ Kg8 44. Qg5+ Kh8 45. Qh5+ Kg8 $11) 39. Rgf3 {[%emt 0:00:30] 5]} Qg1+ {[%emt 0:00:30]} 40. Kg3 {[%emt 0:00:30] ]]} Qe1+ {[%emt 0:00:30]} 41. Rf2 {[%emt 0:00:30] 00} Qe5 {[%emt 0:00:30]} 42. Kh2 {[%emt 0:00:30] 5]]} Rd4 {[%emt 0:00:28] ]} 43. Qg3 {[%emt 0:00:30] ]]} Rxf4 {[%emt 0:00:29] ]} 44. Rxf4 {[%emt 0:00:00] 3]]} Qe7 {[%emt 0:00:46] ]} 45. c4 {[%emt 0:00:00] 7]]} bxc3 {[%emt 0:00:07] ]} 46. bxc3 {[%emt 0:00:30] 00]} Bc6 {[%emt 0:00:31]} 47. Qd3 {[%emt 0:00:30] 99} Bb7 {[%emt 0:00:12] [%clk 0:01.15] 0} 48. b4 {[%emt 0:00:30] ]]} Qg5 {[%emt 0:00:32] c%} 49. Rg4 {[%emt 0:00:30] 1]} Qe5+ {[%emt 0:00:30] c} 50. Kg1 {[%emt 0:00:30] ]5 5 [%clk 0:33:0]} Qe1+ {[%emt 0:00:30]} (50... Qxc3 $17 51. Qd8+ Kf7 52. Rf4+ Ke6 53. Qe8+ Re7 54. Qg6+ Kd7 55. Qg4+ Kd6 56. Rd4+ Bd5 57. Qg6+ Re6 58. Qxg7 Qe3+ 59. Kh2 Qe5+ 60. Qxe5+ Kxe5) 51. Kh2 {[%emt 0:00:30] 5} Qe5+ {[%emt 0:00:30]} 52. Kg1 {[%emt 0:00:30] 5 [%clk 0:33:0] 1} Rxc3 {[%emt 0:00:59] l} 53. Qd8+ {[%emt 0:00:00] 4} Kf7 {[%emt 0:00:30]} 54. Qd7+ {[%emt 0:00:00] ]} Kg8 {[%emt 0:00:32]} 55. Qd8+ {[%emt 0:00:30] 4} Kf7 {[%emt 0:00:00]} 56. Qd7+ {[%emt 0:01:30] 4} Kg8 {[%emt 0:00:01]} 57. Qd8+ {[%emt 0:02:30] 3} Kf7 {[%emt 0:00:02] [%clk 0:02.11]} 1/2-1/2

[Event "5th Cesme Open 2017"]
[Site "Cesme"]
[Date "2017.06.18"]
[Round "9.15"]
[White "Ozen, Bahadir"]
[Black "Kerem, Halil Ozgun"]
[Result "1/2-1/2"]
[WhiteElo "2332"]
[BlackElo "2050"]
[Annotator "ChessBase"]
[PlyCount "74"]
[EventType "swiss"]
[EventCountry "TUR"]
[SourceTitle "playchess.com"]
[Source "ChessBase"]
[SourceQuality "1"]
[TimeControl "5400+30"]

1. g3 e5 2. Bg2 Nc6 3. d3 Bc5 4. Nf3 d6 5. O-O Nge7 {[%emt 0:08:00] ]5]]} 6. c3 {[%emt 0:09:00] ]5]} O-O {[%emt 0:03:30] ]5]} 7. d4 {[%emt 0:07:30] ]5]} Bb6 {[%emt 0:00:30] ]5]} 8. dxe5 {[%emt 0:02:30] ]5]} Nxe5 {[%emt 0:10:30] ]5]} 9. Nxe5 {[%emt 0:02:30] ]5]} dxe5 {[%emt 0:02:30] ]5} 10. Na3 {[%emt 0:04:30] ]]} Qxd1 {[%emt 0:07:30] ]]} 11. Rxd1 {[%emt 0:00:00] ]]} c6 {[%emt 0:00:30] ]]]} 12. Nc4 {[%emt 0:02:00] ]]]} Bc7 {[%emt 0:00:30] ]]]} 13. b3 {[%emt 0:01:30] ]]]} f6 {[%emt 0:19:30] ]]]} 14. Ba3 {[%emt 0:00:30] ]]]} Kf7 {[%emt 0:00:00] ]]]} 15. Nd6+ {[%emt 0:01:30] ]]]} Bxd6 {[%emt 0:00:00] ]]]} 16. Rxd6 {[%emt 0:01:30] ]]} Re8 {[%emt 0:01:30] ]]]} 17. e4 {[%emt 0:02:30] ]]]} a5 {[%emt 0:02:30] [%clk 0:42]0} 18. Rad1 {[%emt 0:07:30] [%ll} a4 {[%emt 0:01:30] [ [%clk 0:41:0]2} 19. Bc5 {[%emt 0:02:30] [} axb3 {[%emt 0:02:30] [} 20. axb3 {[%emt 0:00:30] ][} Be6 {[%emt 0:01:30] ]} 21. c4 {[%emt 0:07:30] ]]} Ra2 {[%emt 0:01:30] [%clk 0:37] ]2} 22. Bf1 {[%emt 0:07:30] %c} Bg4 {[%emt 0:01:30] %%} 23. R1d2 {[%emt 0:00:30] % [%clk 0:40:0]} Rxd2 {[%emt 0:02:30] [} 24. Rxd2 {[%emt 0:00:30]} Ra8 {[%emt 0:00:30]} 25. Kg2 {[%emt 0:00:30]} Ng6 {[%emt 0:02:30]} 26. h3 {[%emt 0:01:30]} Be6 {[%emt 0:00:30]} 27. Be2 {[%emt 0:00:30]} Ke8 {[%emt 0:03:30]} 28. Bh5 {[%emt 0:02:30]} Ra6 {[%emt 0:07:30]} 29. Rd6 {[%emt 0:01:30]} Bd7 {[%emt 0:00:30]} 30. Rd2 {[%emt 0:05:30]} b6 {[%emt 0:00:30]} 31. Be3 {[%emt 0:00:30]} Ke7 {[%emt 0:00:30]} 32. b4 {[%emt 0:00:30]} Nf8 {[%emt 0:01:30]} 33. Be2 {[%emt 0:00:30]} Ne6 {[%emt 0:01:30]} 34. b5 {[%emt 0:03:30]} cxb5 {[%emt 0:00:00]} 35. cxb5 {[%emt 0:00:30]} Ra7 {[%emt 0:00:00] [%clk 0:21]} 36. Bxb6 {[%emt 0:08:30]} Rb7 {[%emt 0:00:30]} 37. Be3 {[%emt 0:00:30]} Bxb5 {[%emt 0:00:00]} 1/2-1/2

[Event "5th Cesme Open 2017"]
[Site "Cesme"]
[Date "2017.06.18"]
[Round "9.16"]
[White "Kilic, Efe Mert"]
[Black "Nalbant, Tuna Onat"]
[Result "1-0"]
[WhiteElo "2331"]
[BlackElo "1993"]
[Annotator "NA"]
[PlyCount "89"]
[EventType "swiss"]
[EventCountry "TUR"]
[SourceTitle "playchess.com"]
[Source "ChessBase"]
[SourceQuality "1"]
[TimeControl "5400+30"]

{[%evp 14,82,14,9,32767,-21,18,-50,-18,-56,-47,-51,-40,-32,-34,-93,-66,-61,-57,-78,-39,-54,-47,-45,-33,-112,-146,-161,-162,-297,-164,-183,-115,-154,-138,-222,-125,-132,-122,-136,-49,-53,79,0,0,32767,32767,32767,72,32767,32767,32767,32767,32767,32767,32767,32767,32767,32767,89,32767,32767,65,58,32767,32767,139,32767,32767,356,377]} 1. e4 c5 2. Nc3 d6 {[%emt 0:00:30] ][%c ][%cl} 3. g3 {[%emt 0:10:30] ][%c ][%cl} Nc6 {[%emt 0:00:30] ][% ][%l} 4. Bg2 {[%emt 0:00:30] ][%% ][%%l} g6 {[%emt 0:00:30] ][%% ][%%l} 5. d3 {[%emt 0:00:30] ][%%} Bg7 {[%emt 0:00:30] ][% ][%%} 6. Be3 {[%emt 0:00:30] ][[ ][[%} e6 {[%emt 0:00:30] ][[ ][[%} 7. Qd2 {[%emt 0:00:00] ][[ ][[%} Rb8 {[%emt 0:00:30] ][[[} 8. Nge2 {[%emt 0:00:00] ][[[ LiveBook: 125 Games} Nd4 {[%emt 0:00:30] ][[[} 9. Nc1 {[%emt 0:01:30] ][[ ][[[} e5 $146 {[%emt 0:04:30] ]][ B26: Closed Sicilian: 3 g3, lines with early Be3 ]][[} ({Predecessor:} 9... Ne7 10. Nd1 O-O 11. c3 Ndc6 12. h4 Ne5 13. Bh6 Bxh6 14. Qxh6 f6 15. d4 cxd4 16. cxd4 Nf7 17. Qd2 {½-½ (56) Tischbierek,R (2454)-Fruebing,S (2381) Germany 2016}) 10. h3 {[%emt 0:02:30] ]][} ({White should play} 10. Nd5 $11) 10... b5 {[%emt 0:05:30] ]] ]]]} 11. Nd1 {[%emt 0:03:30] ]]]} Bb7 {[%emt 0:04:30] ]]]} 12. c3 {[%emt 0:01:30] ]]]} Ne6 {[%emt 0:00:30] ]]]} 13. O-O {[%emt 0:07:30] ]]]} Ne7 {[%emt 0:03:30] ]]]} 14. Bh6 {[%emt 0:01:30] ]]] ]]]]} O-O {[%emt 0:01:30] ]]]]} 15. Bxg7 {[%emt 0:03:30] ]]]]} Kxg7 {[%emt 0:04:30] ]]]] ]]]]]} 16. f4 {[%emt 0:03:30] ]]]] ]]]]]} exf4 {[%emt 0:04:30] ]]]]} 17. gxf4 {[%emt 0:00:00] ]]]] ]]]]]} f5 {[%emt 0:00:30] ]]]] ]]]]]} 18. Ne2 {[%emt 0:01:00] ]]]]} d5 {[%emt 0:13:30] ]]]] ]]]]]} 19. e5 {[%emt 0:05:30] [%clk 0:56]4]cc [%clk 0:56]4]ccl} ({Better is} 19. exf5 $1 $15 Nxf5 20. Ne3) 19... d4 {[%emt 0:05:30] c%ckkk c%ckkk:} 20. Bxb7 {[%emt 0:03:30] ]c% ]c%%} Rxb7 {[%emt 0:00:00] ]c% ]c%%} 21. Rf3 {[%emt 0:02:30] [%clk 0:51]44] [#] [%clk 0:51]44]l} (21. Rc1 $142) 21... Qd5 {[%emt 0:05:00] %c%cl %c%clk} (21... g5 $142 $1 {[%mdl 512]} 22. cxd4 (22. fxg5 Ng6) 22... cxd4) 22. Rg3 {[%emt 0:01:30] ]%c%ll ]%c%llk} Rd8 {[%emt 0:01:30] ]%%cl ]%%cll} 23. Nf2 {[%emt 0:00:00] ]%%%l ]%%%ll} Nc6 {[%emt 0:06:30] [%clk 0:37]]4c [%clk 0:37]]4c]} 24. Qc2 {[%emt 0:08:00] % [%clk 0:43:0]4 % [%clk 0:43:0]4]} (24. Kh2 $17) 24... c4 {[%emt 0:11:30] ]%[ ]%[[} 25. Rd1 {[%emt 0:09:30] ]%%} Rbd7 {[%emt 0:06:30] [%clk 0:17.58] 0kk [%clk 0:17.58] 0kk0} 26. h4 {[%emt 0:16:03] lk} cxd3 {[%emt 0:04:49] lk} ({Black should try} 26... dxc3 $17 27. bxc3 b4 28. dxc4 Qxc4 29. Rxd7+ Rxd7 30. Qxf5 Rf7) 27. Qxd3 {[%emt 0:01:45] [%clk 0:17.12] 2 [%clk 0:16:28]2 [%clk 0:17.12] 2 [%clk 0:16:28]22} a6 {[%emt 0:05:46] %% %%c} (27... Kh8 $15) 28. h5 {[%emt 0:01:06] %% %%c} (28. Qxf5 $1 $16 Rf8 29. Qg4) 28... Kf7 {[%emt 0:05:49]} 29. hxg6+ {[%emt 0:16:13]} hxg6 {[%emt 0:00:32]} 30. Rh3 {[%emt 0:00:00]} Rg8 {[%emt 0:02:04] [%clk 0:03.30] [%clk 0:00:34] [%clk 0:03.30] [%clk 0:01:26] ]} (30... Qc4 $11 {keeps the balance.}) 31. b3 {[%emt 0:00:00] %} Rdd8 {[%emt 0:03:26] %} 32. Qg3 {[%emt 0:00:00] %} Qc5 {[%emt 0:00:30] %} 33. Rh7+ {[%emt 0:00:00] % [%clk 0:06:05]} Rg7 {[%emt 0:00:30]} 34. Qh4 {[%emt 0:00:00]} Qe7 {[%emt 0:00:30]} 35. Rxg7+ {[%emt 0:00:00]} Kxg7 {[%emt 0:00:30]} 36. Qxe7+ $1 {[%emt 0:00:00]} Nxe7 {[%emt 0:00:30]} 37. Nxd4 {[%emt 0:00:00]} Nxd4 {[%emt 0:00:30]} 38. Rxd4 {[%emt 0:00:01]} Rc8 {[%emt 0:00:30]} 39. Rd3 {[%emt 0:00:30]} Rc7 {[%emt 0:00:30]} (39... Rc5 $142) 40. Nh3 {[%emt 0:00:30]} Nc6 {[%emt 0:00:30]} 41. Ng5 $18 {[%emt 0:00:30]} Kg8 {[%emt 0:00:30]} 42. Rd6 {[%emt 0:00:30]} Na5 {[%emt 0:00:30]} 43. Rxg6+ {[%emt 0:00:30]} Kh8 {[%emt 0:00:30]} 44. Rxa6 {[%emt 0:00:00]} Nb7 {[%emt 0:00:01]} 45. Ra8+ {[%emt 0:00:00]} 1-0

[Event "5th Cesme Open 2017"]
[Site "Cesme"]
[Date "2017.06.18"]
[Round "9.17"]
[White "Chighladze, Iveri"]
[Black "Unlu, Alp Bugra"]
[Result "1-0"]
[WhiteElo "2326"]
[BlackElo "1887"]
[Annotator "NA"]
[PlyCount "143"]
[EventType "swiss"]
[EventCountry "TUR"]
[SourceTitle "playchess.com"]
[Source "ChessBase"]
[SourceQuality "1"]
[TimeControl "5400+30"]

{[%evp 8,143,32,10,35,32767,32767,32767,8,8,29,39,56,25,37,24,37,31,35,28,44,29,33,41,32767,32767,32767,32767,32767,25,34,29,22,7,145,0,2,7,7,0,0,-14,24,30,27,0,12,25,23,24,27,0,84,0,0,0,0,-60,-33,-32,-34,-60,-42,-129,32767,32767,32767,32767,32767,-145,-120,32767,32767,32767,32767,32767,32767,32767,32767,-51,0,-70,-50,-47,-57,-22,0,-90,-58,-43,32767,32767,32767,32767,32767,32767,32767,32767,32767,32767,32767,32767,8,32767,32767,55,0,22,406,212,367,92,152,147,218,32767,159,32767,32767,259,460,201,12840,12841,1456,12839,32767,32767,5097,12844,32767,32767,29981,12847,12847,29987,12848,29989]} 1. c4 {[%emt 0:03:30]} Nf6 {[%emt 0:01:00]} 2. Nc3 {[%emt 0:00:30]} g6 {[%emt 0:00:00]} 3. g3 {[%emt 0:00:30]} Bg7 {[%emt 0:00:00]} 4. Bg2 {[%emt 0:00:30]} O-O {[%emt 0:00:00]} 5. Nf3 {[%emt 0:01:00]} d6 {[%emt 0:00:00]} 6. O-O {[%emt 0:00:30]} e5 {[%emt 0:06:30]} 7. Rb1 {[%emt 0:00:30]} Nc6 {[%emt 0:09:00] ]%2[%c} 8. b4 {[%emt 0:07:00] ]]%2[%c} Ng4 $146 {[%emt 0:11:30] ]]%2[%c A29: English Opening: Four Knights Variation with 4 g3} ({Predecessor:} 8... Be6 9. d3 h6 10. b5 Ne7 11. a4 Qd7 12. Ba3 Rfe8 13. Nd2 Rab8 14. a5 b6 15. Nde4 Nh7 16. axb6 axb6 17. Bb2 f5 18. Nd2 Nf6 19. Ra1 d5 20. cxd5 Nexd5 21. Nxd5 Bxd5 22. Bxd5+ Qxd5 {1-0 (74) Nepomniachtchi,I (2705)-Nakamura,H (2816) Baku 2015}) 9. h3 {[%emt 0:01:30] ]]%2%c} Nh6 {[%emt 0:00:30] ]]%22%c} 10. d3 {[%emt 0:00:30] ]]%22%c} f5 {[%emt 0:00:30] ]]%22c} 11. Bg5 {[%emt 0:03:30] ]]2222c} Qd7 {[%emt 0:04:30] ]]]222c} 12. Nd5 {[%emt 0:00:30] ]]]22c} Nf7 {[%emt 0:03:30] ]]]222c} 13. Bf6 {[%emt 0:01:30] ]]]222c} Ncd8 {[%emt 0:05:30] ]]]22c} 14. e4 {[%emt 0:09:30] ]]]]22c} c6 {[%emt 0:01:30] ]]]]22c} 15. Ne7+ $1 {[%emt 0:00:30] ]]]22c} Kh8 {[%emt 0:00:30] ]]]]22c} 16. Bxg7+ {[%emt 0:00:30] ]]]]22c} Kxg7 {[%emt 0:00:00] ]]]22c} 17. Nxc8 {[%emt 0:00:30] ]]]]22c} Rxc8 {[%emt 0:00:00] ]]]]22c} 18. exf5 {[%emt 0:00:00] ]]]222} Qxf5 {[%emt 0:03:30] ]]]]22} 19. d4 {[%emt 0:05:00] ]]]]22} Ne6 {[%emt 0:09:30] ]]]]22} 20. b5 {[%emt 0:02:30] [%clk 1:06]45.10]]} Nfg5 {[%emt 0:10:30] c%%lk11:0] [#]} (20... cxb5 $11 21. Rxb5 b6) 21. Nh4 {[%emt 0:02:30] ]%%%%} (21. Nxg5 $1 $16 Nxg5 22. bxc6 bxc6 23. dxe5 dxe5 24. h4 Nf3+ 25. Bxf3 Qxf3 26. Rb7+ Kg8 27. Rxa7) 21... Qf6 {[%emt 0:01:30] ]]%%%} 22. dxe5 {[%emt 0:00:00] [%clk 1:06]]5.1]]} dxe5 {[%emt 0:06:30] %%cll111:} 23. bxc6 {[%emt 0:00:00] %%cll11:} bxc6 {[%emt 0:00:30] %%cll [%clk 0:01:12] lk %%cll1} 24. Rb7+ {[%emt 0:09:30] %%ccl [%clk 0:01:41]l %%ccl1} Rf7 {[%emt 0:01:30] %%ccl [%clk 0:01:12]] %%ccl1} 25. Rxf7+ {[%emt 0:00:30] %%% [%clk 0:01:41] ]] %%%c} Nxf7 {[%emt 0:00:30] [%clk 0:32]5]. [%clk 0:01:12] 4] [%clk 0:32]5]..} 26. Kh2 {[%emt 0:07:30] % [%clk 0:50:0]] [%clk 0:01.41]} c5 {[%emt 0:07:30] [%clk 0:01.12][} (26... Rd8 $5 {[%cal Rd8d1]} 27. Qc1 Nd4 $11) 27. Bd5 {[%emt 0:06:30] [%clk 0:01.41]]} Rf8 {[%emt 0:05:43] cclk [%clk 0:01:12] :.} 28. Qa4 {[%emt 0:03:30] 7]ccl [%clk 0:01:41] ]] 7]cclc} Qe7 {[%emt 0:04:18] ccc [%clk 0:01:12] ] cccc} (28... Nf4 $5) 29. Ng2 {[%emt 0:05:30] 59ccc [%clk 0:01:41] ]]} Nfg5 {[%emt 0:03:31] cc [%clk 0:01:12] ]] [#] ccc} (29... Nd4 $11) 30. f4 {[%emt 0:03:30] ]]ccc [%clk 0:01:41] ]} ({White should try} 30. Rb1 $1 $16 {[%cal Rb1b7]} Nf3+ 31. Kh1) 30... exf4 {[%emt 0:00:12] ccc [%clk 0:01:12]} 31. gxf4 {[%emt 0:00:30] 6 [%clk 0:31:0]] [%clk 0:01.41] 6 [%clk 0:31:0]]]} Nd4 {[%emt 0:03:49] lcll [%clk 0:01:12] 10} 32. Qd1 {[%emt 0:03:30] 5] [%clk 0:01:41] 11} ({White should try} 32. Qa3 $11 Nge6 33. Rb1) 32... Nge6 {[%emt 0:03:16] [%clk 0:01.12] 11} 33. Re1 {[%emt 0:00:30] ]] [%clk 0:01:41] 11} Rf6 {[%emt 0:00:49] [%clk 0:01.12] 11} 34. Qg4 {[%emt 0:00:30] 2] [%clk 0:01:41] 11} Qd6 {[%emt 0:00:31] [%clk 0:06.51] [%clk 0:06:51] ]] [%clk 0:01:12]0} 35. Rf1 {[%emt 0:04:30] 1 [%clk 0:01:41]]} (35. Bxe6 $142 Nxe6 36. Re4) 35... a5 {[%emt 0:05:35] %% [%clk 0:01:12] l %%c} 36. Kh1 {[%emt 0:00:30] 4] [%clk 0:01:41] 22} Nf5 {[%emt 0:01:03] [%clk 0:01.12] 22} 37. Kg1 {[%emt 0:00:00] ]] [%clk 0:01:41] 22} h5 {[%emt 0:00:57] [%clk 0:00.46] [ [%clk 0:01:12] [ [%clk 0:00.46] [ [%clk 0:00:46]} 38. Qd1 {[%emt 0:25:19] %% [#]} Nfd4 $1 {[%emt 0:00:04] %%} 39. f5 {[%emt 0:00:30]} Rxf5 {[%emt 0:00:30]} 40. Rxf5 {[%emt 0:00:30]} Nxf5 {[%emt 0:00:30] [%clk 0:00.29]} 41. Qe1 {[%emt 0:00:30]} Ned4 {[%emt 0:00:30]} 42. Qxa5 {[%emt 0:00:30] ]} Ne2+ {[%emt 0:00:30] ]} 43. Kf2 $1 {[%emt 0:00:30]} Nf4 {[%emt 0:00:30] ]} (43... Neg3 $5 {[%cal Rd6f6]} 44. Qc3+ Kh7 $17) 44. Qc3+ {[%emt 0:00:30] ]} Kh7 {[%emt 0:00:30] ]} 45. a4 {[%emt 0:00:30] ]} Nxd5 {[%emt 0:00:30] ]} 46. cxd5 {[%emt 0:00:30] ]} Qxd5 {[%emt 0:00:30] ]} (46... c4 $5) 47. a5 {[%emt 0:00:30] ]} (47. Ne3 $11 Qe4 48. Nxf5 Qxf5+ 49. Qf3) 47... Qa2+ {[%emt 0:01:02] ]} 48. Kg1 {[%emt 0:00:02]} Qb1+ {[%emt 0:00:07] ]} 49. Kh2 {[%emt 0:00:09] ]} Qb8+ {[%emt 0:00:06] ]} 50. Kg1 {[%emt 0:00:15] ]} Qb1+ {[%emt 0:00:04] ]} 51. Qe1 {[%emt 0:00:44] ]} Qxe1+ {[%emt 0:01:04] ]} 52. Nxe1 {[%emt 0:00:02] ]} Nd6 {[%emt 0:00:13] ]} 53. a6 {[%emt 0:00:31]} Nc8 {[%emt 0:00:46] ]} 54. Kf2 {[%emt 0:00:22] ]} g5 {[%emt 0:00:18] [%clk 0:00.49]} 55. Nd3 {[%emt 0:00:44] [} g4 {[%emt 0:01:09] [} 56. h4 {[%emt 0:01:31]} c4 {[%emt 0:00:40]} 57. Nf4 {[%emt 0:00:15]} Kh6 $2 {[%emt 0:00:21]} (57... Na7 $1 $11) 58. Ne2 {[%emt 0:01:01]} (58. Ke3 $142) 58... Kg6 $2 {[%emt 0:00:28]} (58... Na7 $1 $11) 59. Ng3 {[%emt 0:00:08]} (59. Ke3 $142) 59... Nb6 {[%emt 0:00:50]} 60. Ke3 {[%emt 0:00:08]} Na8 {[%emt 0:00:30]} 61. a7 {[%emt 0:01:14]} Nc7 {[%emt 0:00:19]} 62. Ke4 {[%emt 0:00:13]} Kh6 {[%emt 0:00:33]} 63. Ne2 {[%emt 0:00:21]} Kg6 64. Nf4+ $2 {[%emt 0:00:08]} (64. Ke5 Kf7 65. Kf5) 64... Kh6 $2 {[%emt 0:01:09]} (64... Kf7 $14) 65. Nd5 {[%emt 0:00:06]} Na8 {[%emt 0:00:03]} 66. Kd4 {[%emt 0:00:46]} g3 {[%emt 0:00:43]} 67. Nf4 {[%emt 0:00:06]} Nb6 {[%emt 0:00:04]} 68. Kc5 {[%emt 0:00:16]} Na8 {[%emt 0:00:29]} 69. Kxc4 {[%emt 0:00:07] [%clk 0:04.06]} Kh7 {[%emt 0:01:03]} 70. Kc5 {[%emt 0:00:00]} Kg8 {[%emt 0:00:30]} 71. Kc6 {[%emt 0:00:21]} Kf7 {[%emt 0:00:14]} 72. Kb7 {[%emt 0:00:06]} 1-0